000 02005cam a22002174a 4500
005 20250605164219.0
008 250528s ||||||||||||||||||||||||d
035 _a20617
020 _a9603590274
040 _aGR-AtMCL
_bgre
_dGR-AtMCL
_eAACR2
245 1 _aΕισαγωγή στη Χρηματοοικονομική Λογιστική / Θεμελιώδεις Λογιστικές Έννοιες: Τεύχος Β' - Τρίτη Έκδοση
250 _a
260 _bΕυγ. Μπένου,
_c1996
300 _a392
505 0 _aΓενικά, Λογιστική, Χρηματοοικονομική Λογιστική, Λογιστική Μονάδα, Λογιστική Ισότητα, Λογιστικό Γεγονός, Λογιστική Χρήση, Λογιστικό Αποτέλεσμα, Λογαριασμός, Λογιστικές Εκθέσεις, Παραρτήματα, Σχέδιο Λογαριασμών σύμφωνα με το ''Ελληνικό Γενικό Λογιστικό Σχέδιο'', Υποδείγματα Λογιστικών Καταστάσεων Ελληνικών Επιχειρήσεων, Βιβλιογραφία, Αλφαβητικό Ευρετήριο.
520 _aΓενικά, Λογιστική, Χρηματοοικονομική Λογιστική, Λογιστική Μονάδα, Λογιστική Ισότητα, Λογιστικό Γεγονός, Λογιστική Χρήση, Λογιστικό Αποτέλεσμα, Λογαριασμός, Λογιστικές Εκθέσεις, Παραρτήματα, Σχέδιο Λογαριασμών σύμφωνα με το ''Ελληνικό Γενικό Λογιστικό Σχέδιο'', Υποδείγματα Λογιστικών Καταστάσεων Ελληνικών Επιχειρήσεων, Βιβλιογραφία, Αλφαβητικό Ευρετήριο.
700 1 _aΒασιλάτου - Θαναπούλου Έλλη
_95280
942 _cBK
999 _c5708
_d5708